| 000 | 00570nam a2200205 i 4500 | ||
|---|---|---|---|
| 001 | 16875 | ||
| 003 | ES-MaACL | ||
| 007 | t| | ||
| 008 | 001117s1989 sp ||||0| spa d | ||
| 016 | 7 | _zCEN920094376 | |
| 020 | _a84-85996-46-1 | ||
| 040 |
_aM-BN _bspa _cCEN |
||
| 080 | _a860-14"19" | ||
| 100 | 1 |
_aVillacañas, Juan Antonio. _9114906 |
|
| 245 | 1 | 0 |
_aVersómanos _b: (poetas, todos al coro) / _cJuan Antonio Villacañas. |
| 260 |
_aToledo : _bZocodover, _cD.L. 1989. |
||
| 300 |
_a230 p ; _c20 cm. |
||
| 500 | _aIndice. | ||
| 852 |
_aES-MaACL _jG-2851 _bR.117479 |
||
| 999 |
_c16875 _d16875 |
||